Escrever histr̤ia do direito reconstruȯ̂, narrativa ou ficȯ̂? /

Detalles Bibliográficos
Autor principal: Stolleis, Michael
Formato: eBook
Lenguaje:portugués
Publicado: San Pablo: Editora ContraCorrente, 2020
Materias:
Acceso en línea:Acceso restringido

MARC

LEADER 00000nam a22000007a 4500
005 20210819123014.0
007 cr|||| ||||
008 210819s2020 br |||||s|||| 00||0 por d
020 |a 978-65-8847010-7 
035 |a 35091 
040 |a vLex 
090 |c 12059  |d 12059 
100 1 |a Stolleis, Michael 
245 1 0 |a Escrever histr̤ia do direito  |h [Recurso electrn̤ico] :  |b reconstruȯ̂, narrativa ou ficȯ̂? /  |c Michael Stolleis 
256 |a Servicio en ln̕ea 
260 |a San Pablo:  |b Editora ContraCorrente,  |c 2020 
300 |a 1 recurso electrn̤ico 
506 1 |a Disponible solo en los productos indicados  |d vLex Global  |d vLex Global (Academic Edition, excluding Law Schools)  |d vLex Global (U.S. Academic Edition, Law Schools)  |d vLex Global (U.S. Academic Edition, excluding Law Schools)  |d vLex Global (Academic Edition, Law Schools) 
650 0 4 |a Derecho Militar  |z Brasil 
650 0 4 |a Filosofa̕ y religin̤  |z Brasil 
740 0 |a vLex Libros (Servicio en ln̕ea) 
856 4 0 |u https://app.vlex.com/#/sources/35091  |z Acceso restringido 
942 |c BOOK 
999 0 |a Military Law 
999 0 |a Philosophy and religion